Stolice z identycznym tłumaczeniem na język angielski - Statystyki

Ogólne statystyki
  • Ten quiz został rozwiązany 74 razy
    29 od ostatniego zresetowania
  • Średni wynik to 77 z 111
Statystyki odpowiedzi
Odpowiedź % Poprawnych
Berlin
88%
Brasília
88%
Buenos Aires
88%
Canberra
88%
Ottawa
88%
Reykjavík
88%
Wellington
88%
Amsterdam
75%
Ankara
75%
Apia
75%
Astana
75%
Asunción
75%
Bangkok
75%
Belmopan
75%
Bogota
75%
Brazzaville
75%
Bridgetown
75%
Caracas
75%
Castries
75%
Ciudad de la Paz
75%
Dakar
75%
Dhaka
75%
Yaren
75%
Dodoma
75%
Dublin
75%
Freetown
75%
Funafuti
75%
Gaborone
75%
Georgetown
75%
Gitega
75%
Helsinki
75%
Honiara
75%
Kampala
75%
Kigali
75%
Kingston
75%
Kingstown
75%
Libreville
75%
Lima
75%
Lomé
75%
Luanda
75%
Lusaka
75%
Majuro
75%
Managua
75%
Maputo
75%
Maseru
75%
Mbabane
75%
Monrovia
75%
Montevideo
75%
Nassau
75%
Ngerulmud
75%
Nuku'alofa
75%
Oslo
75%
Palikir
75%
Paramaribo
75%
Port-au-Prince
75%
Port Louis
75%
Port Moresby
75%
Port-of-Spain
75%
Porto-Novo
75%
Port Vila
75%
Quito
75%
Roseau
75%
Saint George's
75%
Saint John’s
75%
San José
75%
San Salvador
75%
Santo Domingo
75%
São Tomé
75%
Skopje
75%
Sofia
75%
Suva
75%
Tallinn
75%
Thimphu
75%
Tirana
75%
Tunis
75%
Vaduz
75%
Valletta
75%
Victoria
75%
Amman
63%
Baku
63%
Bamako
63%
Bandar Seri Begawan
63%
Basseterre
63%
Bissau
63%
Bloemfontein
63%
Hanoi
63%
Islamabad
63%
Lilongwe
63%
Manama
63%
Manila
63%
Nairobi
63%
Naypyidaw
63%
Niamey
63%
Phnom Penh
63%
Praia
63%
Santiago
63%
Sucre
63%
Tegucigalpa
63%
Asmara
50%
Dili
50%
Kuala Lumpur
50%
La Paz
50%
Male
50%
Podgorica
50%
Rabat
50%
Harare
38%
Kabul
38%
Pretoria
38%
Tbilisi
38%
Moroni
25%
San Marino
25%
Nie znaleziono quizów pasujących do podanych kryteriów
Rozkład punktacji
Procent ludzi z każdym wynikiem
Percentyl według liczby udzielonych odpowiedzi
Twoja historia wyników
Nie rozwiązałeś tego quizu od ostatniego zresetowania